000 02611cam a2200217 4500
001 2404
005 20181127165101.0
008 000613s1999 mau 000 1 eng d
010 _a 00268458
020 _a0395843685
245 0 4 _aThe best American short stories of the century /
_cJohn Updike, editor ; Katrina Kenison, coeditor ; with an introduction by John Updike.
260 _aBoston :
_bHoughton Mifflin,
_cc1999.
300 _axxiv, 775 p. ;
_c24 cm.
500 _aTitles selected by John Updike from the 1915 through 1998 editions of The best American short stories series.
505 0 0 _tZelig /
_rBenjamin Rosenblatt --
_tLittle selves /
_rMary Lerner --
_tJury of her peers /
_rSusan Glaspell --
_tOther woman /
_rSherwood Anderson --
_tGolden honeymoon /
_rRing Lardner --
_tBlood-burning moon /
_rJean Toomer --
_tKillers /
_rErnest Hemingway --
_tResurrection of a life /
_rWilliam Saroyan --
_tChristmas gift /
_rRobert Penn Warren --
_tBright and morning star /
_rRichard Wright --
_tHitch-hikers /
_rEudora Welty --
_tPeach stone /
_rPaul Horgan --
_t""That in Aleppo once..."" /
_rVladimir Nabokov --
_tInterior castle /
_rJean Stafford --
_tMiami-New York /
_rMartha Gellhorn --
_tSecond tree from the corner /
_rE.B. White --
_tFarmer's children /
_rElizabeth Bishop --
_tDeath of a favorite /
_rJ.F. Powers --
_tResemblance between a violin case and a coffin /
_rTennessee Williams --
_tCountry husband /
_rJohn Cheever --
_tGreenleaf /
_rFlannery O'Connor --
_tLedge /
_rLawrence Sargent Hall --
_tDefender of the faith /
_rPhilip Roth --
_tCriers and kibitzers, kibitzers and criers /
_rStanley Elkin --
_tGerman refugee /
_rBernard Malamud --
_tWhere are you going, where have you been? /
_rJoyce Carol Oates --
_tRotifer /
_rMary Ladd Gavell --
_tGold Coast /
_rJames Alan McPherson --
_tKey /
_rIsaac Bashevis Singer --
_tCty of churches /
_rDonald Barthelme --
_tHow to win /
_rRosellen speaks /
_rHarold Brodkey --
_tSilver dish /
_rSaul Bellow --
_tGesturing /
_rJohn Updike --
_tShawl /
_rCynthia Ozick --
_tWhere I'm calling from /
_rRaymond Carver --
_tJanus /
_rAnn Beattie --
_tWay we live now /
_rSusan Sontag --
_tThings they carried /
_rTim O'Brien --
_tMeneseteung /
_rAlice Munro --
_tYou're ugly, too /
_rLorrie Moore --
_tI want to live ! /
_rThom Jones --
_tIn the gloaming /
_rAlice Elliott Dark --
_tProper library /
_rCarolyn Ferrell --
_tBirthmates /
_rGish Jen --
_tSoon /
_rPam Durban --
_tHalf-skinned steer /
_rAnnie Proulx.
650 0 _aAmerican fiction
_y20th century.
650 0 _aShort stories, American.
651 0 _aUnited States
_xSocial life and customs
_y20th century
_vFiction.
700 1 _aKenison, Katrina.
700 1 _aUpdike, John.
999 _c1927
_d1927